Ludzie quiz #3 - Znani sportowcy - Statystyki

Ogólne statystyki
  • Ten quiz został rozwiązany 357 razy
  • Średni wynik to 9 z 16
Statystyki odpowiedzi
Obrazkowy Odpowiedź % Poprawnych
Lionel Messi
100%
Dawid Kubacki
95%
LeBron James
85%
Mohamed Salah
83%
Manuel Neuer
78%
Novak Djoković
78%
Andrzej Gołota
66%
Max Verstappen
64%
Michael Phelps
62%
Armand Duplantis
51%
Thomas Morgenstern
38%
Marit Bjørgen
36%
Michał Jurecki
34%
Katarzyna Skowrońska
28%
Femke Bol
27%
Maria Sharapova
20%
Nie znaleziono quizów pasujących do podanych kryteriów
Rozkład punktacji
Procent ludzi z każdym wynikiem
Percentyl według liczby udzielonych odpowiedzi
Twoja historia wyników
Nie rozwiązałeś tego quizu